[Event "OPEN B - XVII MIEDZYNARODOWY FESTIWAL S"]
[Site "GOLD CHESS Open  - Rewal"]
[Date "2012.??.??"]
[Round "1.1"]
[White "Sroka, Janusz"]
[Black "Hagner, Pawel"]
[Result "1-0"]
[WhiteElo "2109"]
[BlackElo "1823"]
[PlyCount "63"]
[EventDate "2012.??.??"]

1. e4 d6 2. Nc3 g6 3. g3 Bg7 4. Bg2 Nf6 5. d3 c5 6. Nge2 Nc6 7. O-O O-O 8. h3
a6 9. Be3 Re8 10. f4 Qc7 11. g4 b5 12. Qd2 b4 13. Nd1 Nd7 14. f5 Nd4 15. Nf4
Bb7 16. c3 bxc3 17. bxc3 Nb5 18. fxg6 hxg6 19. a4 Qa5 20. Ne2 Nc7 21. Nb2 d5
22. Bh6 Ne5 23. Bf4 Red8 24. Qe3 d4 25. cxd4 cxd4 26. Qf2 Ne6 27. Bxe5 Qxe5 28.
Qxf7+ Kh7 29. Nxd4 Qc7 30. Qxe6 Bc8 31. Qf7 Rf8 32. Qd5 1-0

[Event "OPEN B - XVII MIEDZYNARODOWY FESTIWAL S"]
[Site "GOLD CHESS Open  - Rewal"]
[Date "2012.??.??"]
[Round "1.2"]
[White "Ziaja, Krystian"]
[Black "Birkenmaier, Rainer"]
[Result "1-0"]
[WhiteElo "1822"]
[BlackElo "2099"]
[PlyCount "95"]
[EventDate "2012.??.??"]

1. e4 g6 2. d4 Bg7 3. Nf3 d5 4. exd5 Qxd5 5. Nc3 Qd8 6. Bc4 Nf6 7. O-O O-O 8.
h3 c6 9. Re1 Nd5 10. Ne4 Nd7 11. Bg5 N7f6 12. Qe2 Nxe4 13. Qxe4 Re8 14. Bb3 Bf5
15. Qh4 Qc7 16. c4 Nf6 17. Ne5 Rad8 18. c5 Nd5 19. Nf3 Rd7 20. Rad1 Qd8 21. g4
Be6 22. Bh6 Bf6 23. g5 Bh8 24. Rxe6 fxe6 25. Qg4 Kf7 26. Qe4 Qc7 27. Re1 e5 28.
dxe5 e6 29. Nd2 Qxe5 30. Qxe5 Bxe5 31. Rxe5 b5 32. Ne4 Red8 33. Nd6+ Rxd6 34.
cxd6 Rxd6 35. Bxd5 exd5 36. Re3 Rd8 37. Rf3+ Kg8 38. Kf1 c5 39. Ke2 d4 40. a4
a6 41. Rf6 c4 42. Rxa6 b4 43. Rb6 d3+ 44. Kd1 c3 45. bxc3 bxc3 46. Rf6 c2+ 47.
Kd2 Rc8 48. Rf8+ 1-0

[Event "OPEN B - XVII MIEDZYNARODOWY FESTIWAL S"]
[Site "GOLD CHESS Open  - Rewal"]
[Date "2012.??.??"]
[Round "1.3"]
[White "Swiatloch, Tomasz"]
[Black "Knap, Jerzy"]
[Result "1-0"]
[WhiteElo "2099"]
[BlackElo "1798"]
[PlyCount "83"]
[EventDate "2012.??.??"]

1. e4 c5 2. Nf3 d6 3. d4 cxd4 4. Nxd4 Nf6 5. Nc3 a6 6. Be2 g6 7. O-O Bg7 8. Kh1
O-O 9. f4 e5 10. Nb3 Nc6 11. fxe5 dxe5 12. Qxd8 Rxd8 13. Bg5 Rd6 14. Rad1 Rxd1
15. Bxd1 Ng4 16. Nd5 h6 17. Nb6 hxg5 18. Nxa8 Ne3 19. Re1 Nc4 20. Be2 Nxb2 21.
Nb6 Be6 22. Rb1 Nd4 23. Bf1 f5 24. Rxb2 fxe4 25. Nc5 Bf5 26. c3 Nc6 27. Nd5 e3
28. Nxe3 e4 29. Nd5 Ne5 30. Rxb7 Kh8 31. Nxa6 Nd3 32. Nab4 Nf2+ 33. Kg1 Nd1 34.
Be2 Nxc3 35. Nxc3 Bxc3 36. a4 e3 37. Nd5 Bd4 38. Re7 Bc2 39. a5 Bd1 40. Kf1 Bb3
41. Nxe3 Bc4 42. a6 1-0

[Event "OPEN B - XVII MIEDZYNARODOWY FESTIWAL S"]
[Site "GOLD CHESS Open  - Rewal"]
[Date "2012.??.??"]
[Round "1.4"]
[White "Janke, Georg"]
[Black "Kaczmarek, Aleksander"]
[Result "0-1"]
[WhiteElo "1794"]
[BlackElo "2097"]
[PlyCount "52"]
[EventDate "2012.??.??"]

1. d4 c5 2. e3 Nf6 3. Nf3 b6 4. Nbd2 Bb7 5. c3 g6 6. Bd3 Bg7 7. Qe2 O-O 8. O-O
Qc7 9. e4 cxd4 10. cxd4 Nc6 11. Nb3 Nb4 12. Nfd2 Nxd3 13. Qxd3 a5 14. Re1 a4
15. f3 Rfe8 16. d5 axb3 17. Nxb3 Nh5 18. g3 Ba6 19. Qe3 Nxg3 20. hxg3 Qxg3+ 21.
Kh1 Be5 22. f4 Qh4+ 23. Kg1 Bxf4 24. Qxf4 Qxe1+ 25. Kh2 Bc4 26. Nd4 Bd3 0-1

[Event "OPEN B - XVII MIEDZYNARODOWY FESTIWAL S"]
[Site "GOLD CHESS Open  - Rewal"]
[Date "2012.??.??"]
[Round "1.5"]
[White "Grochulski, Grzegorz"]
[Black "Trepkowski, Piotr"]
[Result "0-1"]
[WhiteElo "2095"]
[BlackElo "1786"]
[PlyCount "66"]
[EventDate "2012.??.??"]

1. e4 e5 2. Nc3 Nf6 3. f4 d5 4. fxe5 Nxe4 5. Qf3 Nxc3 6. bxc3 Be7 7. d4 O-O 8.
Bd3 f6 9. Qh5 g6 10. Bxg6 hxg6 11. Qxg6+ Kh8 12. Qh5+ Kg8 13. Bh6 Qe8 14. Qf3
Rf7 15. Qxd5 fxe5 16. Nf3 Qc6 17. Qxc6 Nxc6 18. d5 e4 19. Nd2 Ne5 20. Nxe4 Bf5
21. Nf2 Bxc2 22. O-O Bc5 23. g3 Rxf2 24. Rxf2 Bxf2+ 25. Kg2 Bc5 26. Re1 Ng4 27.
Bf4 Rc8 28. Re2 Bd3 29. Rd2 Be4+ 30. Kh3 Nf2+ 31. Kh4 Kf7 32. d6 cxd6 33. Re2
Kg6 0-1

[Event "OPEN B - XVII MIEDZYNARODOWY FESTIWAL S"]
[Site "GOLD CHESS Open  - Rewal"]
[Date "2012.??.??"]
[Round "1.6"]
[White "Misztal, Piotr"]
[Black "Nikitin, Aleksander I"]
[Result "1/2-1/2"]
[WhiteElo "1778"]
[BlackElo "2094"]
[PlyCount "207"]
[EventDate "2012.??.??"]

1. e4 Nf6 2. e5 Nd5 3. d4 d6 4. Nf3 g6 5. c4 Nb6 6. exd6 cxd6 7. Nc3 Bg7 8. Be2
O-O 9. O-O Bg4 10. Be3 Nc6 11. b3 d5 12. c5 Nc8 13. Rc1 e6 14. a3 N8e7 15. h3
Bxf3 16. Bxf3 Nf5 17. Ne2 Nh4 18. b4 a6 19. Rb1 Qf6 20. a4 Nxf3+ 21. gxf3 Qxf3
22. b5 axb5 23. axb5 Na5 24. Nf4 Qe4 25. Qd3 Qxd3 26. Nxd3 Nc4 27. Nb4 Na3 28.
Rb3 Nxb5 29. Nc2 Na7 30. Rxb7 Nc6 31. Rfb1 Rfc8 32. R1b6 e5 33. dxe5 Bxe5 34.
Rd7 d4 35. Nxd4 Nxd4 36. Bxd4 Bxd4 37. Rxd4 Rxc5 38. Rf6 Ra1+ 39. Kg2 Rg5+ 40.
Rg4 Rd5 41. Rgf4 Rd7 42. h4 Kg7 43. Kh2 Ra5 44. Kg2 Rh5 45. Kg3 Rd3+ 46. Kg2
Rd7 47. Kg3 Rb5 48. Kg2 Rb3 49. Kh2 Rbb7 50. Kg2 Re7 51. Kh2 Re6 52. Rxe6 fxe6
53. Kg3 Rb3+ 54. f3 e5 55. Re4 Kf6 56. Ra4 Kf5 57. Rc4 Rd3 58. Ra4 h6 59. Ra8
Rd6 60. Rf8+ Rf6 61. Re8 Rf7 62. Rh8 h5 63. Re8 Ra7 64. Rf8+ Ke6 65. Rg8 Kf7
66. Rb8 Ra3 67. Rb4 Ke6 68. Rb8 Kf7 69. Rb4 Kf6 70. Rb6+ Kf5 71. Rb5 Ra7 72.
Rb8 Re7 73. Rg8 Re6 74. Rf8+ Rf6 75. Re8 Rd6 76. Rf8+ Ke6 77. Rg8 Kd5 78. Re8
Kd4 79. Re7 Rf6 80. Ra7 Rd6 81. Ra4+ Kd5 82. Ra5+ Ke6 83. Ra8 Kf7 84. Ra7+ Kf6
85. Ra8 Rc6 86. Rb8 Rc7 87. Rb6+ Kf5 88. Rb8 Rf7 89. Rb5 Ra7 90. Rb8 Rg7 91.
Rf8+ Ke6 92. Re8+ Re7 93. Ra8 Kf6 94. Ra6+ Re6 95. Ra8 g5 96. hxg5+ Kxg5 97.
Rg8+ Rg6 98. Re8 h4+ 99. Kh3 Kf4 100. Rf8+ Kg5 101. Re8 Kf4 102. Rf8+ Ke3 103.
Kxh4 Rg1 104. Rf5 1/2-1/2

[Event "OPEN B - XVII MIEDZYNARODOWY FESTIWAL S"]
[Site "GOLD CHESS Open  - Rewal"]
[Date "2012.??.??"]
[Round "1.7"]
[White "Malec, Sebastian"]
[Black "Lewtak, Dominik"]
[Result "1-0"]
[WhiteElo "2093"]
[BlackElo "1776"]
[PlyCount "97"]
[EventDate "2012.??.??"]

1. e4 c5 2. Nf3 Nc6 3. Bb5 a6 4. Bxc6 bxc6 5. O-O d5 6. Nc3 Bg4 7. h3 Bh5 8. d3
e6 9. Re1 Nf6 10. Qe2 Be7 11. Bf4 O-O 12. e5 Nd7 13. g4 Bg6 14. Kg2 Nb6 15. b3
c4 16. dxc4 Bb4 17. Bd2 Bxc2 18. Nd4 Bxc3 19. Bxc3 Bg6 20. c5 Nc8 21. Nxc6 Qc7
22. Nd4 Qxc5 23. Qd2 Rb8 24. a3 Re8 25. Bb4 Qb6 26. Rac1 Qb7 27. Ba5 Ne7 28.
Rc7 Qa8 29. Rec1 f6 30. exf6 gxf6 31. Qh6 e5 32. Ne6 Kf7 33. Ng7 d4+ 34. Kg1
Rg8 35. Nh5 Qf3 36. Ng3 e4 37. Qd2 e3 38. Qe2 Qxe2 39. Nxe2 d3 40. Nd4 d2 41.
Rd1 e2 42. Nxe2 h5 43. Rxd2 hxg4 44. Rdd7 Rge8 45. Bb4 Rxb4 46. axb4 gxh3 47.
Nd4 Be4 48. f3 Rg8+ 49. Kh2 1-0

[Event "OPEN B - XVII MIEDZYNARODOWY FESTIWAL S"]
[Site "GOLD CHESS Open  - Rewal"]
[Date "2012.??.??"]
[Round "1.8"]
[White "Sowa, Martyna"]
[Black "Zminda, Bogdan"]
[Result "0-1"]
[WhiteElo "1765"]
[BlackElo "2087"]
[PlyCount "98"]
[EventDate "2012.??.??"]

1. e4 c5 2. Nf3 Nc6 3. d4 cxd4 4. Nxd4 Nf6 5. Nc3 d6 6. Bg5 e6 7. Bb5 Bd7 8. f4
h6 9. Bh4 Be7 10. O-O e5 11. Nf5 Bxf5 12. exf5 O-O 13. Bxc6 bxc6 14. fxe5 dxe5
15. Qxd8 Rfxd8 16. Rad1 Kf8 17. a3 Ng4 18. Bxe7+ Kxe7 19. Rde1 Rab8 20. h3 Nf6
21. Rxe5+ Kd6 22. Ra5 Rxb2 23. Rd1+ Ke7 24. Rxa7+ Rd7 25. Raxd7+ Nxd7 26. Rd2
Nc5 27. g4 g6 28. fxg6 fxg6 29. Kg2 Kf6 30. Kf3 Ke5 31. Ke3 Ne6 32. h4 Rb7 33.
Ne2 Rb1 34. Rd7 Rh1 35. Re7 Kd6 36. Re8 Rxh4 37. Nf4 Nxf4 38. Kxf4 h5 39. Kf3
Rxg4 40. Ra8 Kc7 41. Ra5 Kb6 42. Re5 Rc4 43. Re2 Rc3+ 44. Kf4 Rc4+ 45. Ke5 Rg4
46. Rf2 Rg3 47. Kf6 h4 48. Rf4 g5 49. Rf5 h3 0-1

[Event "OPEN B - XVII MIEDZYNARODOWY FESTIWAL S"]
[Site "GOLD CHESS Open  - Rewal"]
[Date "2012.??.??"]
[Round "1.9"]
[White "Jacek, Krystian"]
[Black "Szeglowski, Tomasz"]
[Result "1-0"]
[WhiteElo "2071"]
[BlackElo "1757"]
[PlyCount "79"]
[EventDate "2012.??.??"]

1. e4 c5 2. Nf3 Nc6 3. d4 cxd4 4. Nxd4 g6 5. Nc3 Bg7 6. Be3 Nf6 7. Bc4 O-O 8.
Bb3 Ng4 9. Qxg4 Nxd4 10. Qd1 Nc6 11. Qd2 a6 12. h4 h5 13. Nd5 d6 14. O-O-O b5
15. Bh6 Nd4 16. Bxg7 Nxb3+ 17. axb3 Kxg7 18. f3 a5 19. g4 Rh8 20. gxh5 Rxh5 21.
Nf4 Rh6 22. h5 Qh8 23. Qc3+ Kg8 24. Qc6 Rb8 25. Qe8+ Kg7 26. Qxe7 Rb7 27. Qxd6
a4 28. e5 g5 29. e6 Bxe6 30. Qe5+ Kh7 31. Qe4+ Kg7 32. Nxe6+ Rxe6 33. Qxb7 axb3
34. Qd5 bxc2 35. Qxg5+ Kh7 36. Qf5+ Kh6 37. Rdg1 Rf6 38. Qg5+ Kh7 39. h6 Rg6
40. Qf5 1-0

[Event "OPEN B - XVII MIEDZYNARODOWY FESTIWAL S"]
[Site "GOLD CHESS Open  - Rewal"]
[Date "2012.??.??"]
[Round "1.10"]
[White "Kopica, Paulina"]
[Black "Hasanov, Sahib"]
[Result "1/2-1/2"]
[WhiteElo "1744"]
[BlackElo "2068"]
[PlyCount "91"]
[EventDate "2012.??.??"]

1. e4 d5 2. exd5 Qxd5 3. Nc3 Qd8 4. d4 Bf5 5. Bc4 e6 6. Nf3 Nf6 7. Bf4 c6 8.
O-O Bd6 9. Bxd6 Qxd6 10. Re1 Nbd7 11. Qe2 b5 12. Bd3 Bxd3 13. Qxd3 O-O 14. Rad1
h6 15. Qe2 Qb4 16. Rb1 Nb6 17. a3 Qd6 18. Ne5 a6 19. Rbd1 Rad8 20. Ne4 Nxe4 21.
Qxe4 Nd5 22. Rd3 f5 23. Qh4 Rf6 24. Rg3 f4 25. Rh3 Ne7 26. c3 Ng6 27. Nxg6 Rxg6
28. Rf3 Rf6 29. b3 Rdf8 30. Re5 Rf5 31. Rxf5 Rxf5 32. Qg4 Qf8 33. Qg6 Qf7 34.
Qxf7+ Kxf7 35. Kf1 g5 36. Rd3 Ke7 37. Ke2 Kd6 38. Rd2 h5 39. f3 Kd5 40. Kd3 e5
41. Re2 exd4 42. cxd4 c5 43. dxc5 Kxc5 44. b4+ Kd5 45. Re8 Re5 46. Rxe5+
1/2-1/2

[Event "OPEN B - XVII MIEDZYNARODOWY FESTIWAL S"]
[Site "GOLD CHESS Open  - Rewal"]
[Date "2012.??.??"]
[Round "1.11"]
[White "Rak, Tomasz"]
[Black "Sikorski, Tomasz"]
[Result "1-0"]
[WhiteElo "2066"]
[BlackElo "1735"]
[PlyCount "71"]
[EventDate "2012.??.??"]

1. d4 e6 2. Nf3 Nf6 3. Bf4 d5 4. Nbd2 c5 5. e3 Nc6 6. c3 Qb6 7. Rb1 cxd4 8.
exd4 Bd7 9. Bd3 Rc8 10. Qe2 g6 11. Ne5 Nh5 12. Nxd7 Kxd7 13. Be3 Bd6 14. Qf3 f5
15. Nb3 Qc7 16. h3 Bf4 17. O-O b6 18. Rfe1 Rce8 19. Bb5 Re7 20. c4 Bxe3 21.
Rxe3 Qf4 22. cxd5 Qxf3 23. Bxc6+ Kd6 24. Rxf3 exd5 25. Bb5 a6 26. Bd3 Ng7 27.
g4 fxg4 28. hxg4 Rc8 29. Bxa6 Ra8 30. Bb5 Rc7 31. Re1 Ne6 32. Rf6 Re7 33. Nc1
Ra5 34. a4 Raa7 35. Nd3 Rac7 36. Nf4 1-0

[Event "OPEN B - XVII MIEDZYNARODOWY FESTIWAL S"]
[Site "GOLD CHESS Open  - Rewal"]
[Date "2012.??.??"]
[Round "1.12"]
[White "Gajzner, Ryszard"]
[Black "Nowak, Ryszard"]
[Result "1/2-1/2"]
[WhiteElo "1734"]
[BlackElo "2046"]
[PlyCount "34"]
[EventDate "2012.??.??"]

1. Nf3 Nf6 2. c4 b6 3. g3 Bb7 4. Bg2 e5 5. Nc3 Bb4 6. O-O Bxc3 7. bxc3 d6 8. d4
e4 9. Nd2 O-O 10. e3 Re8 11. Qc2 Qe7 12. Ba3 Bc8 13. Rfe1 Bf5 14. Rab1 Nc6 15.
Qa4 Bd7 16. Qc2 Bf5 17. Qa4 Bd7 1/2-1/2

[Event "OPEN B - XVII MIEDZYNARODOWY FESTIWAL S"]
[Site "GOLD CHESS Open  - Rewal"]
[Date "2012.??.??"]
[Round "1.13"]
[White "Obiedzinski, Pawel"]
[Black "Lebiedowicz, Borys"]
[Result "1/2-1/2"]
[WhiteElo "2040"]
[BlackElo "1730"]
[PlyCount "47"]
[EventDate "2012.??.??"]

1. d4 Nf6 2. Bg5 g6 3. Nc3 Bg7 4. e4 d6 5. Qd2 O-O 6. O-O-O Nc6 7. Nge2 Ng4 8.
Qe1 f6 9. Bd2 Nh6 10. Kb1 Nf7 11. h4 e5 12. d5 Ne7 13. h5 g5 14. f3 h6 15. g4
Bd7 16. Ng3 Kh7 17. Be3 a6 18. Rh2 Qe8 19. Rc1 Nd8 20. Nd1 b6 21. c4 a5 22. Nc3
Nb7 23. Nb5 Qb8 24. a4 1/2-1/2

[Event "OPEN B - XVII MIEDZYNARODOWY FESTIWAL S"]
[Site "GOLD CHESS Open  - Rewal"]
[Date "2012.??.??"]
[Round "1.14"]
[White "Nun, Grzegorz"]
[Black "Jaskolka, Tomasz"]
[Result "1-0"]
[WhiteElo "1726"]
[BlackElo "2037"]
[PlyCount "93"]
[EventDate "2012.??.??"]

1. e4 c5 2. Nf3 Nc6 3. Bb5 g6 4. Bxc6 dxc6 5. O-O Bg7 6. d3 Nf6 7. h3 O-O 8.
Nc3 Ne8 9. Be3 b6 10. Qd2 Nc7 11. Bh6 Ne6 12. Bxg7 Kxg7 13. Ne2 Qd6 14. Qe3 Ba6
15. Rad1 Rad8 16. Rfe1 Nd4 17. Nfxd4 cxd4 18. Qg5 f6 19. Qg4 e5 20. Ng3 Kh8 21.
h4 Bc8 22. Qe2 Be6 23. a3 h5 24. Qd2 Kg7 25. Rf1 c5 26. f4 exf4 27. Rxf4 Rc8
28. Rdf1 c4 29. dxc4 Bxc4 30. R1f3 Ba6 31. Rf5 Rc5 32. e5 Rxe5 33. R5f4 Bb7 34.
Rxd4 Qc5 35. Rc3 Qb5 36. Rc7+ Rf7 37. Rxf7+ Kxf7 38. Qh6 Bd5 39. Qh7+ Ke6 40.
Kh2 Qxb2 41. Qg8+ Kd6 42. Ne4+ Kc7 43. Rxd5 Rxe4 44. Qd8+ Kb7 45. Rd7+ Kc6 46.
Qc8+ Kb5 47. Rd5+ 1-0

[Event "OPEN B - XVII MIEDZYNARODOWY FESTIWAL S"]
[Site "GOLD CHESS Open  - Rewal"]
[Date "2012.??.??"]
[Round "1.15"]
[White "Zurkowski, Andrzej"]
[Black "Jasnikowska, Malgorzata"]
[Result "1-0"]
[WhiteElo "2017"]
[BlackElo "1725"]
[PlyCount "83"]
[EventDate "2012.??.??"]

1. d4 d5 2. Nf3 Nf6 3. e3 e6 4. Bd3 Bd6 5. O-O O-O 6. b3 Nbd7 7. Bb2 c5 8. Ne5
cxd4 9. exd4 Qc7 10. Qe2 b6 11. Nd2 Bb7 12. f4 Rac8 13. a3 Rfd8 14. Rae1 Ne4
15. c4 Ndf6 16. Ndf3 Qe7 17. Ng5 Rf8 18. b4 Nxg5 19. fxg5 Ne4 20. Bxe4 dxe4 21.
h4 Qc7 22. Rc1 Bxe5 23. dxe5 Rfd8 24. h5 Rd3 25. g6 hxg6 26. hxg6 fxg6 27. Qg4
Qe7 28. Rc2 Rcd8 29. Bc1 Qe8 30. Bg5 Rc8 31. Rcf2 Qd7 32. Qf4 Rd1 33. Kh2 Rxf1
34. Rxf1 Qe8 35. Qh4 Rc7 36. Kg3 Rd7 37. Rh1 Rd3+ 38. Kg4 Kf7 39. Qh7 Qc6 40.
Bf6 Ke8 41. Qg8+ Kd7 42. Qd8# 1-0

[Event "OPEN B - XVII MIEDZYNARODOWY FESTIWAL S"]
[Site "GOLD CHESS Open  - Rewal"]
[Date "2012.??.??"]
[Round "1.16"]
[White "Maliszewski, Jacek"]
[Black "Kaluzny, Wlodzimierz"]
[Result "0-1"]
[WhiteElo "1720"]
[BlackElo "2011"]
[PlyCount "62"]
[EventDate "2012.??.??"]

1. d4 d5 2. Nf3 e6 3. e3 f5 4. Ne5 Nf6 5. g4 g6 6. g5 Nfd7 7. Nxd7 Bxd7 8. f4
h6 9. h4 hxg5 10. fxg5 Nc6 11. Qf3 Bd6 12. c4 dxc4 13. Bxc4 Qe7 14. Bd2 O-O-O
15. Nc3 Nb4 16. O-O-O Bc6 17. d5 exd5 18. Nxd5 Nxd5 19. Bxd5 Bxd5 20. Qxd5 Bg3
21. Qf3 Be5 22. h5 Qxg5 23. Rdg1 Qf6 24. Rxg6 Bxb2+ 25. Kc2 Qe5 26. Rg2 Rh6 27.
Bb4 a5 28. Bxa5 Qxa5 29. Kxb2 Rb6+ 30. Kc1 Qc3+ 31. Rc2 Qa1# 0-1

[Event "OPEN B - XVII MIEDZYNARODOWY FESTIWAL S"]
[Site "GOLD CHESS Open  - Rewal"]
[Date "2012.??.??"]
[Round "1.17"]
[White "Jablonska, Sabina"]
[Black "Poswiatowski, Stanislaw"]
[Result "1/2-1/2"]
[WhiteElo "1979"]
[BlackElo "1700"]
[PlyCount "74"]
[EventDate "2012.??.??"]

1. e4 e6 2. d4 d5 3. Nd2 dxe4 4. Nxe4 Bd7 5. Nf3 Bc6 6. Bd3 Bxe4 7. Bxe4 c6 8.
c3 Nf6 9. Bc2 Nbd7 10. Bf4 c5 11. Qe2 cxd4 12. Nxd4 Be7 13. O-O O-O 14. Rfe1
Nd5 15. Bg3 N7f6 16. Rad1 Qb6 17. Qb5 Rfd8 18. Qxb6 Nxb6 19. Nb5 Nfd5 20. Nc7
Rac8 21. Nxd5 Nxd5 22. Be4 Bf6 23. Rd3 b5 24. Red1 Nb6 25. Rxd8+ Rxd8 26. Rxd8+
Bxd8 27. Bc6 a6 28. Bb7 a5 29. Bc6 Na4 30. Bxb5 Nxb2 31. Bd6 Nd1 32. c4 Nc3 33.
a4 Ne4 34. Ba3 Bb6 35. Kf1 Bxf2 36. Bc6 Bc5 37. Bxe4 Bxa3 1/2-1/2

[Event "OPEN B - XVII MIEDZYNARODOWY FESTIWAL S"]
[Site "GOLD CHESS Open  - Rewal"]
[Date "2012.??.??"]
[Round "1.18"]
[White "Drabek, Jan"]
[Black "Bes, Michal"]
[Result "0-1"]
[WhiteElo "1698"]
[BlackElo "1977"]
[PlyCount "60"]
[EventDate "2012.??.??"]

1. e4 e5 2. Nf3 Nf6 3. Nxe5 d6 4. Nf3 Nxe4 5. d4 d5 6. Be2 Bd6 7. O-O O-O 8.
Be3 Nc6 9. c4 dxc4 10. Bxc4 Bg4 11. Bd3 Re8 12. Nc3 Nf6 13. a3 Bf8 14. Be2 Nd5
15. Nxd5 Qxd5 16. Qc2 Bf5 17. Bd3 Bxd3 18. Qxd3 Rad8 19. Qc2 Rd6 20. Qc5 Qe4
21. Ng5 Qg4 22. d5 Rg6 23. Qb5 Rxe3 24. fxe3 Qxg5 25. Rf2 Ne5 26. Qe8 Qxe3 27.
Kf1 Qd3+ 28. Kg1 Qxd5 29. Raf1 h5 30. Rf5 Qxg2# 0-1

[Event "OPEN B - XVII MIEDZYNARODOWY FESTIWAL S"]
[Site "GOLD CHESS Open  - Rewal"]
[Date "2012.??.??"]
[Round "1.19"]
[White "Gora, Jan"]
[Black "Niedbal, Piotr"]
[Result "1-0"]
[WhiteElo "1975"]
[BlackElo "1693"]
[PlyCount "97"]
[EventDate "2012.??.??"]

1. e4 d5 2. exd5 Qxd5 3. Nc3 Qd6 4. d4 Nf6 5. Nf3 a6 6. g3 Nc6 7. Bf4 Qd8 8. a3
e6 9. Bg2 Be7 10. O-O O-O 11. Qd3 Nd5 12. Be3 Bf6 13. Ne4 Be7 14. c4 Nf6 15.
Nc3 b6 16. Rfd1 Bb7 17. Ne5 Qe8 18. b4 Rd8 19. Qe2 Ba8 20. Nxc6 Bxc6 21. d5 Bd7
22. c5 bxc5 23. bxc5 Bb5 24. Nxb5 Qxb5 25. Qxb5 axb5 26. dxe6 fxe6 27. Rab1 Rb8
28. Bh3 e5 29. Be6+ Kh8 30. c6 Rfe8 31. Rb3 Bd6 32. Bf5 Rf8 33. Bd3 Ng4 34.
Bxb5 Nxe3 35. fxe3 Bc5 36. Rf1 Bxe3+ 37. Rxe3 Rxf1+ 38. Bxf1 Re8 39. a4 Kg8 40.
Bc4+ Kh8 41. a5 g6 42. a6 Kg7 43. Rf3 e4 44. Rf7+ Kh6 45. Rxc7 e3 46. a7 Kg5
47. Kf1 Kf5 48. Re7 Rxe7 49. a8=Q 1-0

[Event "OPEN B - XVII MIEDZYNARODOWY FESTIWAL S"]
[Site "GOLD CHESS Open  - Rewal"]
[Date "2012.??.??"]
[Round "1.20"]
[White "Przybylska, Agata"]
[Black "Czepczynski, Boguslaw"]
[Result "0-1"]
[WhiteElo "1689"]
[BlackElo "1971"]
[PlyCount "178"]
[EventDate "2012.??.??"]

1. e4 g6 2. d4 Bg7 3. c3 d6 4. Nf3 Nf6 5. Bg5 Nxe4 6. Bc4 Nxg5 7. Nxg5 O-O 8.
O-O h6 9. Nf3 c5 10. dxc5 dxc5 11. Qe2 Nc6 12. Nbd2 Bg4 13. h3 Bxf3 14. Nxf3
Qc7 15. Qe3 Ne5 16. Nxe5 Qxe5 17. Qxe5 Bxe5 18. f4 Bf6 19. f5 Kg7 20. fxg6 fxg6
21. Rad1 Rad8 22. Be6 Bg5 23. Rxd8 Be3+ 24. Kh2 Rxf1 25. Rd7 Kf6 26. Bc4 Bf4+
27. g3 Rf2+ 28. Kg1 Bxg3 29. Rxb7 Rd2 30. a4 h5 31. b3 Bh2+ 32. Kf1 Be5 33.
Rxa7 Bxc3 34. Ra6+ Kf5 35. Re6 Bf6 36. Rc6 Kf4 37. Rxc5 g5 38. a5 Kf3 39. Bd5+
Ke3 40. Bc4 Bd4 41. Rxg5 Rd1+ 42. Kg2 Ra1 43. Rxh5 e5 44. a6 e4 45. Rh7 Ra2+
46. Kg3 Ra1 47. Rf7 Rg1+ 48. Kh4 Kd2 49. a7 Ra1 50. Bd5 e3 51. Bc4 e2 52. Bxe2
Kxe2 53. Kg5 Bxa7 54. h4 Kd3 55. h5 Be3+ 56. Kg6 Rh1 57. b4 Kc4 58. Rb7 Kd5 59.
Rb8 Bf4 60. Rb5+ Ke6 61. Rb6+ Bd6 62. b5 Rg1+ 63. Kh7 Kd7 64. Rb7+ Kc8 65. Rf7
Rg5 66. h6 Rxb5 67. Kg6 Rb1 68. h7 Rh1 69. Rg7 Be5 70. Re7 Bd4 71. Rf7 Kd8 72.
Rf5 Ke7 73. Rh5 Rg1+ 74. Rg5 Rb1 75. Rh5 Rb6+ 76. Kg5 Bh8 77. Rh6 Rb1 78. Rg6
Bf6+ 79. Kf5 Rf1+ 80. Kg4 Rh1 81. h8=Q Bxh8 82. Ra6 Bf6 83. Kf5 Rh5+ 84. Ke4
Rb5 85. Ra7+ Ke6 86. Rc7 Rb4+ 87. Kd3 Be5 88. Ra7 Rb3+ 89. Kc2 Rg3 0-1

[Event "OPEN B - XVII MIEDZYNARODOWY FESTIWAL S"]
[Site "GOLD CHESS Open  - Rewal"]
[Date "2012.??.??"]
[Round "1.21"]
[White "Wilk, Tomasz"]
[Black "Jewulski, Krzysztof"]
[Result "0-1"]
[WhiteElo "1667"]
[BlackElo "1950"]
[PlyCount "94"]
[EventDate "2012.??.??"]

1. c4 c5 2. Nc3 Nc6 3. Nf3 Nf6 4. g3 g6 5. Bg2 Bg7 6. O-O O-O 7. d4 cxd4 8.
Nxd4 Nxd4 9. Qxd4 d6 10. b3 Nd7 11. Qd2 Rb8 12. Bb2 b6 13. Rac1 Bb7 14. Nd5
Bxb2 15. Qxb2 e6 16. Nc3 Bxg2 17. Kxg2 Nf6 18. Rfd1 Rb7 19. Rd2 Rd7 20. e4 Qa8
21. f3 Rfd8 22. Rcd1 Qc6 23. Rd3 d5 24. cxd5 exd5 25. exd5 Nxd5 26. Ne4 Nf4+
27. gxf4 Rxd3 28. Rxd3 Rxd3 29. Nf6+ Kg7 30. Qe2 Qxf3+ 31. Qxf3 Rxf3 32. Ne8+
Kf8 33. Kxf3 Kxe8 34. Ke4 Ke7 35. Ke5 f6+ 36. Kd5 Kd7 37. b4 a6 38. a4 h6 39.
a5 b5 40. Kc5 g5 41. f5 g4 42. Kb6 h5 43. Kxa6 Kc6 44. Ka7 Kc7 45. a6 h4 46.
Ka8 h3 47. a7 g3 0-1

[Event "OPEN B - XVII MIEDZYNARODOWY FESTIWAL S"]
[Site "GOLD CHESS Open  - Rewal"]
[Date "2012.??.??"]
[Round "1.22"]
[White "Widla, Piotr"]
[Black "Krzysztofiak, Zdzislaw"]
[Result "1/2-1/2"]
[WhiteElo "1961"]
[BlackElo "1671"]
[PlyCount "66"]
[EventDate "2012.??.??"]

1. e4 e5 2. Nf3 Nc6 3. d4 exd4 4. Bc4 Be7 5. Nxd4 Nf6 6. Nxc6 dxc6 7. Qxd8+
Bxd8 8. f3 O-O 9. Be3 Re8 10. Nc3 Be6 11. Bxe6 Rxe6 12. O-O-O Be7 13. a3 b5 14.
Ne2 Nd5 15. Bd2 Nb6 16. Nd4 Rg6 17. g3 a5 18. Nf5 Bf8 19. Bf4 Rc8 20. g4 b4 21.
axb4 axb4 22. h4 c5 23. b3 c4 24. bxc4 Nxc4 25. Rd4 Rc6 26. Kd1 g6 27. Ne3
Nxe3+ 28. Bxe3 Rc3 29. Kd2 c5 30. Rd5 Ra8 31. h5 Ra2 32. Rc1 Raa3 33. Rd1 Ra2
1/2-1/2

[Event "OPEN B - XVII MIEDZYNARODOWY FESTIWAL S"]
[Site "GOLD CHESS Open  - Rewal"]
[Date "2012.??.??"]
[Round "1.23"]
[White "Hasinski, Krystian"]
[Black "Jaskiewicz, Kamila"]
[Result "1/2-1/2"]
[WhiteElo "1925"]
[BlackElo "1661"]
[PlyCount "86"]
[EventDate "2012.??.??"]

1. d4 d5 2. c4 Nf6 3. Nc3 e6 4. Nf3 c6 5. e3 Bd6 6. Bd3 Nbd7 7. O-O O-O 8. e4
dxe4 9. Nxe4 Nxe4 10. Bxe4 e5 11. dxe5 Nxe5 12. Nxe5 Bxe5 13. Bxh7+ Kxh7 14.
Qh5+ Kg8 15. Qxe5 Re8 16. Qc3 Qh4 17. b3 f6 18. Bb2 Bf5 19. Rfe1 Rad8 20. Rxe8+
Rxe8 21. Re1 Rxe1+ 22. Qxe1 Qe4 23. Qxe4 Bxe4 24. b4 Kf7 25. a4 Bd3 26. c5 Ke6
27. a5 Kd5 28. Bc3 Kc4 29. Be1 Kb5 30. h4 b6 31. cxb6 axb6 32. f3 Bc4 33. Kf2
c5 34. axb6 Kxb6 35. Ke3 cxb4 36. Bxb4 Bf7 37. g4 Kc6 38. Bf8 g6 39. Bg7 f5 40.
gxf5 gxf5 41. Kf4 Bh5 42. Kxf5 Bxf3 43. Kg5 Be2 1/2-1/2

[Event "OPEN B - XVII MIEDZYNARODOWY FESTIWAL S"]
[Site "GOLD CHESS Open  - Rewal"]
[Date "2012.??.??"]
[Round "1.24"]
[White "Nun, Ryszard"]
[Black "Budzinski, Jan"]
[Result "0-1"]
[WhiteElo "1652"]
[BlackElo "1913"]
[PlyCount "114"]
[EventDate "2012.??.??"]

1. d4 Nf6 2. c4 c5 3. d5 b5 4. b3 bxc4 5. bxc4 d6 6. Nc3 g6 7. Bd2 Nbd7 8. Nf3
Bg7 9. Rb1 O-O 10. e4 Nb6 11. Bd3 Ba6 12. Nb5 Bc8 13. O-O Bg4 14. Nc3 Qc8 15.
Be2 Bxf3 16. gxf3 Qh3 17. f4 h5 18. f3 h4 19. Rf2 Nh5 20. Qc1 Qd7 21. Bd3 e6
22. f5 exf5 23. exf5 Rae8 24. Bh6 Qe7 25. Bxg7 Kxg7 26. Ne4 h3 27. fxg6 fxg6
28. Qg5 Qxg5+ 29. Nxg5 Nf4 30. Bf1 Re3 31. Ne6+ Nxe6 32. dxe6 Rxe6 33. Bxh3 Re3
34. Bf1 Rfxf3 35. Rxf3 Rxf3 36. Rd1 Rf6 37. Rd2 Kf7 38. Rf2 Ke7 39. Bd3 Nd7 40.
Rb2 Ke6 41. Re2+ Ne5 42. Be4 Rf4 43. Bd5+ Kf5 44. Rf2 Rxf2 45. Kxf2 Ng4+ 46.
Kg3 Ne3 47. Bg8 Ke5 48. h4 Nf5+ 49. Kh3 Ne7 50. Bf7 Kf4 51. h5 gxh5 52. Bxh5
Nc6 53. Be8 Ne5 54. Bb5 Ke4 55. Kg3 Kd4 56. Kf4 Nxc4 57. Kf5 d5 0-1